Most famous world capitals - Statistics

General Stats
  • This quiz has been taken 147 times
  • The average score is 30 of 32
Answer Stats
Country Capital % Correct quess % Correct
France Paris 92%
100%
United Kingdom London 89%
98%
Russia Moscow 84%
98%
Italy Rome 89%
98%
Japan Tokyo 81%
98%
Greece Athens 82%
97%
Germany Berlin 88%
97%
Spain Madrid 84%
97%
Vatican City Vatican City 77%
97%
United States Washington D.C. 85%
97%
Ireland Dublin 81%
96%
Mexico Mexico City 76%
96%
Netherlands Amsterdam 77%
95%
China Beijing 78%
94%
Denmark Copenhagen 74%
94%
Luxembourg Luxembourg 68%
94%
Norway Oslo 78%
94%
South Korea Seoul 69%
94%
Brazil Brasilia 73%
93%
Belgium Brussels 77%
93%
Portugal Lisbon 76%
93%
Monaco Monaco 68%
93%
India New Delhi 73%
93%
Poland Warsaw 71%
93%
Egypt Cairo 68%
92%
Canada Ottawa 69%
92%
Czech Republic Prague 71%
91%
Sweden Stockholm 71%
91%
Austria Vienna 77%
91%
Hungary Budapest 72%
89%
Australia Canberra 69%
89%
Finland Helsinki 73%
88%
No matching quizzes found
Score Distribution
Percent of People with Each Score
Percentile by Number Answered
Your Score History
You have not taken this quiz